NASCAR Drivers 3 - Statistics

General Stats
  • This quiz has been taken 19 times
  • The average score is 10 of 16
Answer Stats
Picture Answer % Correct
Kyle Busch
93%
Bill Elliott
87%
Josh Berry
80%
Harry Gant
73%
John Hunter Nemechek
73%
William Byron
73%
Alex Bowman
67%
Casey Mears
67%
BJ McLeod
60%
Brian Vickers
60%
AJ Allmendinger
53%
David Ragan
53%
Matt DiBenedetto
53%
Trevor Bayne
47%
Joey Gase
33%
Brian Scott
20%
No matching quizzes found
Score Distribution
Percent of People with Each Score
Percentile by Number Answered
Your Score History
You have not taken this quiz